Základy účtovníctva

Enregistré dans:
Détails bibliographiques
Auteur principal: Šlosárová, Anna
Collectivité auteur: Ekonomická univerzita v Bratislave. Fakulta hospodárskej informatiky
Autres auteurs: Kovalčíková, Antónia, Farkaš, Richard
Format: Livre
Langue:slovaque
Publié: Bratislava Vydavateľstvo EKONÓM 2017
Édition:3. uprav. vyd.
Sujets:
Tags: Ajouter un tag
Pas de tags, Soyez le premier à ajouter un tag!

MARC

LEADER 00000nam a2200000 4500
001 0235614
005 20240502073817.9
020 |a 978-80-225-4405-4 
041 0 |a slo 
044 |a SK 
245 1 0 |a Základy účtovníctva  |c Anna Šlosárová ; recenzenti: Antónia Kovalčíková, Richard Farkaš 
250 |a 3. uprav. vyd. 
264 1 |a Bratislava  |b Vydavateľstvo EKONÓM  |c 2017 
300 |a 171 s. [6,36 AH] 
610 2 0 |a účtovníctvo 
610 2 0 |a prípady účtovné 
610 2 0 |a súvaha 
610 2 0 |a náklady 
610 2 0 |a výnosy 
610 2 0 |a výsledok hospodársky 
610 2 0 |a účty 
610 2 0 |a účtovanie 
610 2 0 |a osnova účtová 
100 1 |a Šlosárová, Anna 
700 1 |a Kovalčíková, Antónia 
700 1 |a Farkaš, Richard 
710 2 |a Ekonomická univerzita v Bratislave. Fakulta hospodárskej informatiky